Statistics for Postboxes from Around the World

Click here to take the quiz!

General Stats

  • This quiz has been taken 12 times
  • The average score is 15 of 20

Answer Stats

Answer% Correct
China
100%
Japan
100%
United Kingdom
100%
United States
100%
United Arab Emirates
90%
Canada
80%
Germany
80%
Italy
80%
Russia
80%
Singapore
80%
India
70%
Vietnam
70%
Australia
60%
Brazil
60%
Ireland
60%
South Korea
60%
Spain
60%
Taiwan
60%
France
40%
South Africa
20%

Score Distribution

Percentile by Number Answered

Percent of People with Each Score

Your Score History

You have not taken this quiz